Safe and sound /

Bibliographic Details
Main Author: Brownell, Clifford Lee, 1895-
Other Authors: Williams, Jesse Feiring, 1886-
Format: Book
Language:English
Published: New York, Cincinnati [etc.] : American book company, [1942]
Series:Health of our nation ; book 4.
Subjects:

MARC

Tag First Indicator Second Indicator Subfields
LEADER 00000cam a2200000 4500
001 in00000036442
005 20151007060853.0
008 800626s1942 nyua 00010 eng
010 |a  43000278  
035 |a (OCoLC)06465066 
035 |9 AAD0432AM 
040 |a DLC  |c TXA  |d UtOrBLW 
049 |a TXAM  |c [116261] 
050 0 |a QP37  |b .B886 
082 0 |a 613 
092 |a 613  |b B884s 
100 1 |a Brownell, Clifford Lee,  |d 1895- 
245 1 0 |a Safe and sound /  |c by Clifford Lee Brownell ... and Jesse Feiring Williams ... Illustrations by Priscilla Pointer and Jean Morse. 
264 1 |a New York,  |a Cincinnati [etc.] :  |b American book company,  |c [1942] 
300 |a 279 pages :  |b illustrations (part color) ;  |c 21 x 16 cm. 
336 |a text  |b txt  |2 rdacontent 
337 |a unmediated  |b n  |2 rdamedia 
338 |a volume  |b nc  |2 rdacarrier 
490 1 |a Health of our nation ;  |v book 4 
650 0 |a Hygiene  |v Juvenile literature. 
700 1 |a Williams, Jesse Feiring,  |d 1886- 
830 0 |a Health of our nation ;  |v book 4. 
999 |a MARS 
999 f f |s 584d0e17-921c-378c-8030-c0a2e3c3525f  |i eb92538b-755b-335d-926c-b0d1b82545db  |t 0 
952 f f |p ric  |a Texas A&M University  |b Rellis Campus  |c Joint Library Facility  |d Remote Storage  |t 0  |e QP37 .B886  |h Library of Congress classification  |i unmediated -- volume  |m A14801028105 
998 f f |a QP37 .B886  |t 0  |l Remote Storage